00646nam a22001817a 4500010001300000035001300013037001800026040001200044082001800056100001600074245010200090260005700192270005900249300003200308650002500340650004400365650005500409 aA-351777 aA-351777 bCen Lib / Ret aDPLbEN a954.0842bAZI aAziz, K. K. aHistory of partition of India :borigin and development of the idea of Pakistan /cby K. K. Aziz aNew DelhibAtlantic Publishers & Distributors c1988 aB-2, Vishal Enclave, Najafgarh RoadbNew Delhie110027 a(v 1. xxix, 327p)b24cm(HB) a Pakistan movement.  aMuslims -- Political activity -- India. aIndia -- History -- British occupation, 1765-1947.